[Event "Fredericia Chess IM 2025"]
[Site "Fredericia"]
[Date "2025.05.30"]
[Round "5.4"]
[White "Hansen, Lars"]
[Black "Farokhi, Keyvan"]
[Result "0-1"]
[WhiteElo "2218"]
[BlackElo "2344"]
[EventDate "2025.05.28"]
[EventType "tourn"]
[EventRounds "9"]
[EventCountry "DEN"]
[SourceTitle "Live v. Claus Marcussen - Fredericia"]

1. Nf3 d5 2. e3 Nf6 3. b3 e6 4. Bb2 Bd6 5. c4 O-O 6. Nc3 Re8 7. Nb5 Be7 8. Be5 Na6 9. Be2 c6 10. Nc3 Nc5 11. Qc2 a5 12. O-O Ncd7 13. d4 Nxe5 14. dxe5 Nd7 15. cxd5 exd5 16. e4 dxe4 17. Nxe4 Qc7 18. Neg5 Nf8 19. Nxf7 Be6 20. Nd6 Bxd6 21. exd6 Qxd6 22. Rad1 Qf4 23. Rd4 Qf6 24. Bc4 Rad8 25. Rfd1 Rxd4 26. Rxd4 h6 27. h3 Kh8 28. Bxe6 Rxe6 29. Qd2 Ng6 30. Rd8+ Kh7 31. Rd4 c5 32. Rc4 b6 33. Qc2 Kg8 34. Kh2 Ne5 35. Nxe5 Qxe5+ 36. g3 Qd5 37. Qc1 Re2 38. Rf4 Rxa2 39. Qe1 Qd7 40. Qe4 Rd2 41. Qa8+ Qd8 42. Qe4 Rd6 43. Rf5 Rf6 44. h4 Rxf5 45. Qxf5 Qf6 46. Qd5+ Kh7 47. f4 b5 48. h5 Qb2+ 49. Kh3 Qc2 50. f5 Qc1 51. f6 Qf1+ 52. Kh2 Qxf6 53. Qd3+ Kh8 54. Qxb5 Qf5 55. Qe8+ Kh7 56. Qe2 Qd5 57. Qc2+ Kh8 58. g4 Qe5+ 59. Kg2 Qd4 60. Kf3 Kg8 61. Kg3 Qe3+ 62. Kg2 Qe6 63. Kf3 Qd5+ 64. Kg3 Kf7 65. Qg6+ Kf8 66. Qc2 Qe5+ 67. Kf3 Ke7 68. Qc4 Kf6 69. Qc2 Kg5 70. Qc1+ Kf6 71. Qc2 Qd5+ 72. Kg3 Qd4 73. Qf5+ Ke7 74. Qc2 Kd6 75. Qg6+ Kc7 76. Qf7+ Kb6 77. Kh3 Qc3+ 78. Kg2 Qf6 79. Qc4 Qd4 80. Qe6+ Kb5 81. Qe8+ Kb4 82. Qa4+ Kc3 83. Qxa5+ Kxb3 84. Qb6+ Ka3 85. Qa7+ Kb2 86. Qb8+ Kc2 87. Qc8 c4 88. Qf5+ Kb2 89. Qb5+ Kc1 90. Kf3 c3 91. Qa6 c2 92. Qa3+ Kd2 93. Qa2 Qe3+ 94. Kg2 Qe4+ 95. Kg3 Ke2 96. Qb2 Qf3+ 97. Kh2 Kd2 98. Qd4+ Qd3 99. Qb4+ Ke2 100. Qb2 Kd1 0-1

[Event "Fredericia Chess IM 2025"]
[Site "Fredericia"]
[Date "2025.05.30"]
[Round "5.5"]
[White "Skytte, Rasmus"]
[Black "Bank, Pelle Rodkjaer"]
[Result "1/2-1/2"]
[WhiteElo "2360"]
[BlackElo "2275"]
[EventDate "2025.05.28"]
[EventType "tourn"]
[EventRounds "9"]
[EventCountry "DEN"]
[SourceTitle "Live v. Claus Marcussen - Fredericia"]

1. e4 c5 2. Nf3 d6 3. d4 cxd4 4. Nxd4 Nf6 5. Nc3 g6 6. f4 Nc6 7. Nf3 Bg7 8. Bd3 O-O 9. O-O b5 10. Kh1 b4 11. Ne2 Qb6 12. Ng3 a5 13. Qe2 Ba6 14. Be3 Bxd3 15. cxd3 Qb5 16. Rac1 Rfc8 17. h3 a4 18. Qd2 b3 19. a3 Nd7 20. Ne2 Qa5 21. Nc3 e6 22. Qf2 Na7 23. Bd4 Nb5 24. Bxg7 Kxg7 25. Nxb5 Qxb5 26. Qd4+ Nf6 27. Qxd6 Rd8 28. Qe5 Qxd3 29. Ng5 Rac8 30. Nxh7 Kxh7 31. Qxf6 Kg8 32. f5 1/2-1/2

[Event "Fredericia Chess IM 2025"]
[Site "Fredericia"]
[Date "2025.05.31"]
[Round "6.1"]
[White "Falkesgaard, Jeppe Hald"]
[Black "Hansen, Lars"]
[Result "1-0"]
[WhiteElo "2271"]
[BlackElo "2218"]
[EventDate "2025.05.28"]
[EventType "tourn"]
[EventRounds "9"]
[EventCountry "DEN"]
[SourceTitle "Live v. Claus Marcussen - Fredericia"]

1. c4 Nf6 2. Nc3 e6 3. e4 d5 4. e5 Ne4 5. Nxe4 dxe4 6. Qg4 Bd7 7. Qxe4 Bc6 8. Qe3 Na6 9. a3 Bc5 10. Qg3 O-O 11. Be2 f6 12. Nf3 fxe5 13. Qxe5 Rf6 14. d3 Bxf3 15. gxf3 Bd4 16. Qh5 Rf5 17. Qg4 Nc5 18. Rb1 Qf6 19. Rg1 e5 20. Bg5 Qf7 21. Be3 Ne6 22. Kd2 Rd8 23. Kc2 Rf6 24. Rbe1 Nf4 25. Bxd4 Rxd4 26. Qc8+ Qf8 27. Qxc7 Rfd6 28. Bf1 Ne6 29. Qa5 Qxf3 30. Qxe5 Qxf2+ 31. Be2 Rxd3 32. Kb1 Rd2 33. Bg4 Rxb2+ 34. Qxb2 Rb6 35. Bxe6+ Kh8 36. Qxb6 Qxb6+ 37. Kc2 Qf2+ 38. Kc3 Qf3+ 39. Kd4 Qf4+ 40. Kd3 Qd6+ 41. Bd5 Qxa3+ 42. Ke4 g6 43. Kf4 b5 44. Kg5 Qf8 45. Rgf1 Qd8+ 46. Kg4 h5+ 47. Kh3 Kg7 48. Kg2 bxc4 49. Bxc4 Qd4 50. Be2 a5 51. Bf3 Kh6 52. Kh1 Qc3 53. Be4 a4 54. Rg1 g5 55. Rc1 Qe5 56. Rge1 g4 57. Bg2 Qd4 58. Rcd1 Qc3 59. Rc1 Qd2 60. Red1 Qe3 61. Rc6+ Kg5 62. Ra6 Qe2 63. Ra5+ Kh4 64. Ra1 Qb2 65. R5xa4 Qc2 66. Ra8 Qb2 67. Rf1 Qc2 68. Ra5 Qe2 69. Rd5 Qe3 70. Rff5 Qe1+ 71. Bf1 Qe4+ 72. Kg1 Qe3+ 73. Kg2 Qe4+ 74. Kf2 Qf4+ 75. Kg1 Qd4+ 76. Kh1 Qe4+ 77. Bg2 Qe1+ 78. Rf1 Qe2 79. Rdf5 Qc2 80. Bd5 Qe2 81. R1f2 Qe1+ 82. Kg2 Qe3 83. Kh1 Qe1+ 84. Rf1 Qe3 85. Bg2 Qe2 86. Rc5 Qd2 87. Re5 Qb2 88. Rff5 Qb1+ 89. Bf1 Qb7+ 90. Rd5 g3 91. Rf4# 1-0

[Event "Fredericia Chess IM 2025"]
[Site "Fredericia"]
[Date "2025.05.31"]
[Round "6.2"]
[White "Fries Nielsen, Jens Ove"]
[Black "Collin, Moritz Valentin"]
[Result "0-1"]
[WhiteElo "2300"]
[BlackElo "2250"]
[EventDate "2025.05.28"]
[EventType "tourn"]
[EventRounds "9"]
[EventCountry "DEN"]
[SourceTitle "Live v. Claus Marcussen - Fredericia"]

1. Nf3 d5 2. g3 c5 3. Bg2 Nf6 4. O-O e6 5. d3 Nc6 6. Nc3 Bd6 7. e4 d4 8. Ne2 e5 9. Nh4 g6 10. Bg5 h6 11. Bxf6 Qxf6 12. f4 Qd8 13. c3 exf4 14. cxd4 fxg3 15. hxg3 cxd4 16. Qb3 Qe7 17. e5 Bxe5 18. Bd5 Be6 19. Bxe6 Qxe6 20. Qxe6+ fxe6 21. Nxg6 Rg8 22. Nxe5 Nxe5 23. Rf6 O-O-O 24. Rd1 Rg6 25. Rxg6 Nxg6 26. Rc1+ Kb8 27. Kg2 e5 28. Rh1 Rd6 29. Kf3 Rf6+ 30. Kg4 Nf8 31. Rh5 Nd7 32. Rf5 Rc6 33. Ng1 Kc7 34. Nf3 Rg6+ 35. Kh3 Kd6 36. Nd2 Ke6 37. g4 Nc5 38. Rf3 Rf6 39. Rg3 Rf2 40. Nc4 b5 0-1

[Event "Fredericia Chess IM 2025"]
[Site "Fredericia"]
[Date "2025.05.31"]
[Round "6.3"]
[White "Mattenberger, Matthias"]
[Black "Kanov, Nikola Krasimirov"]
[Result "0-1"]
[WhiteElo "2286"]
[BlackElo "2429"]
[EventDate "2025.05.28"]
[EventType "tourn"]
[EventRounds "9"]
[EventCountry "DEN"]
[SourceTitle "Live v. Claus Marcussen - Fredericia"]

1. d4 Nf6 2. c4 e6 3. Nc3 Bb4 4. e3 b6 5. Nge2 Ne4 6. Qc2 Bb7 7. a3 Bxc3+ 8. Nxc3 Nxc3 9. Qxc3 d6 10. b3 Qh4 11. d5 e5 12. Bd3 O-O 13. O-O Nd7 14. Bb2 Rae8 15. Rae1 Bc8 16. b4 Kh8 17. f3 f5 18. f4 Nf6 19. Qd2 Qh6 20. h3 Nh5 21. Kh2 Kg8 22. Be2 Nf6 23. Bd3 g5 24. Kg1 gxf4 25. exf4 e4 26. Be2 Re7 27. Qe3 Kf7 28. Kf2 Rg8 29. Rh1 Kf8 30. Reg1 b5 31. g3 a6 32. Kf1 bxc4 33. Bxc4 Bd7 34. Kf2 Bb5 35. Bb3 Reg7 36. a4 Bd3 37. Bd1 Nxd5 38. Bxg7+ Qxg7 39. Qc1 Qd4+ 40. Kg2 e3 41. Bc2 Qe4+ 0-1

[Event "Fredericia Chess IM 2025"]
[Site "Fredericia"]
[Date "2025.05.31"]
[Round "6.4"]
[White "Farokhi, Keyvan"]
[Black "Skytte, Rasmus"]
[Result "1-0"]
[WhiteElo "2344"]
[BlackElo "2360"]
[EventDate "2025.05.28"]
[EventType "tourn"]
[EventRounds "9"]
[EventCountry "DEN"]
[SourceTitle "Live v. Claus Marcussen - Fredericia"]

1. e4 c6 2. d4 d5 3. e5 c5 4. dxc5 Nc6 5. Nf3 Bg4 6. c3 e6 7. Be3 Nge7 8. Bb5 Bxf3 9. Qxf3 Ng6 10. Bd4 Qb8 11. Qe2 a6 12. Bxc6+ bxc6 13. b4 Nf4 14. Qf1 a5 15. a3 f6 16. exf6 e5 17. Be3 Ng6 18. g3 gxf6 19. Qh3 Qb5 20. Qe6+ Be7 21. a4 Qd3 22. Nd2 Qxc3 23. Qxc6+ Kf7 24. Qxd5+ Kg7 25. O-O Rhd8 26. Qc4 axb4 27. Rfc1 Qxc4 28. Nxc4 f5 29. Nb6 Ra7 30. c6 Rc7 31. f4 exf4 32. gxf4 Bf6 33. Rab1 Bc3 34. a5 Re7 35. Bc5 Nxf4 36. Bxe7 Rd2 37. Kh1 Nh3 38. Rg1+ 1-0

[Event "Fredericia Chess IM 2025"]
[Site "Fredericia"]
[Date "2025.05.31"]
[Round "6.5"]
[White "Medhus, Vitus Bondo"]
[Black "Bank, Pelle Rodkjaer"]
[Result "1-0"]
[WhiteElo "2384"]
[BlackElo "2275"]
[EventDate "2025.05.28"]
[EventType "tourn"]
[EventRounds "9"]
[EventCountry "DEN"]
[SourceTitle "Live v. Claus Marcussen - Fredericia"]

1. e4 c6 2. d4 d5 3. f3 g6 4. Nc3 Bg7 5. e5 f6 6. f4 Nh6 7. Nf3 O-O 8. Be2 Bg4 9. O-O Nf5 10. Ne1 Bxe2 11. Nxe2 c5 12. c3 cxd4 13. cxd4 Nc6 14. Nf3 e6 15. g4 Nfe7 16. Qd3 Rc8 17. Be3 Nb4 18. Qb3 Nc2 19. Rac1 Nxe3 20. Rxc8 Qxc8 21. Qxe3 f5 22. g5 Qc2 23. Nc3 Qxb2 24. Rb1 Qa3 25. Nxd5 Qxe3+ 26. Nxe3 b6 27. Rc1 Rc8 28. Rxc8+ Nxc8 29. d5 exd5 30. Nxd5 Bf8 31. Kf1 Bc5 32. Ke2 Ne7 33. Nxe7+ Bxe7 34. Nd4 Ba3 35. Kd3 a6 36. Kc4 Bc1 37. Ne2 Be3 38. Kd5 Kf7 39. Kd6 Ke8 40. Ke6 b5 41. Kf6 b4 42. Kg7 a5 43. Kxh7 a4 44. Kxg6 b3 45. axb3 axb3 46. Kh7 b2 47. g6 b1=Q 48. g7 Qf1 49. g8=Q+ Ke7 50. Qg7+ Ke6 51. Qf6+ Kd5 52. Nc3+ Kd4 53. Qb6+ Kxc3 54. Qxe3+ Kc2 55. e6 Qc4 56. Kg7 1-0

[Event "Fredericia Chess IM 2025"]
[Site "Fredericia"]
[Date "2025.05.31"]
[Round "7.1"]
[White "Skytte, Rasmus"]
[Black "Falkesgaard, Jeppe Hald"]
[Result "1/2-1/2"]
[WhiteElo "2360"]
[BlackElo "2271"]
[EventDate "2025.05.28"]
[EventType "tourn"]
[EventRounds "9"]
[EventCountry "DEN"]
[SourceTitle "Live v. Claus Marcussen - Fredericia"]

1. e4 c5 2. Nf3 Nc6 3. Bb5 e6 4. Bxc6 bxc6 5. d3 Qc7 6. O-O e5 7. Nh4 Ne7 8. Nc3 Ba6 9. b3 Ng6 10. Nf5 Nf4 11. Bxf4 exf4 12. e5 g6 13. Nd6+ Bxd6 14. exd6 Qxd6 15. Re1+ Kf8 16. Ne4 Qe5 17. Qd2 Kg7 18. Qa5 Bc8 19. Nxc5 Qd4 20. c3 Qd5 21. c4 Qd4 22. Ne4 d5 23. Nd6 f3 24. Qc7 Rf8 25. gxf3 Bh3 26. Qe7 Qxd3 27. Qe5+ Kg8 28. Qg3 Be6 29. c5 Qd4 30. Rac1 a5 31. f4 Kh8 32. Red1 Qf6 33. Qg5 Kg7 34. Qe5 Qxe5 35. fxe5 g5 36. Rd4 Rfb8 37. Kg2 Rb4 38. Rcd1 Rab8 39. Kf3 Kg6 40. Ke3 Rxd4 41. Rxd4 Rb4 42. Rxb4 axb4 43. Kd4 Bd7 44. Ke3 Kg7 45. f4 gxf4+ 46. Kxf4 Kf8 47. h4 h6 48. Nb7 Ke7 49. Nd6 Bh3 50. Kg3 Bd7 51. Kf4 Bh3 1/2-1/2

[Event "Fredericia Chess IM 2025"]
[Site "Fredericia"]
[Date "2025.05.31"]
[Round "7.2"]
[White "Hansen, Lars"]
[Black "Fries Nielsen, Jens Ove"]
[Result "1/2-1/2"]
[WhiteElo "2218"]
[BlackElo "2300"]
[EventDate "2025.05.28"]
[EventType "tourn"]
[EventRounds "9"]
[EventCountry "DEN"]
[SourceTitle "Live v. Claus Marcussen - Fredericia"]

1. Nf3 e6 2. e3 g5 3. d4 d6 4. c4 g4 5. Nfd2 h5 6. Nc3 Nc6 7. b3 Bd7 8. Bb2 e5 9. dxe5 Nxe5 10. Qc2 Ne7 11. Nde4 Bg7 12. O-O-O f5 13. Nd2 c6 14. f4 gxf3 15. gxf3 Qa5 16. h3 Nf7 17. Kb1 O-O-O 18. Rg1 Bf6 19. Nd5 Nxd5 20. cxd5 Bxb2 21. Qxb2 cxd5 22. f4 Qb6 23. Rg7 Rhf8 24. Qc3+ Kb8 25. Nf3 Rde8 26. Nd4 a6 27. Be2 Rc8 28. Qd2 Rc7 29. Bxh5 Nd8 30. Bf3 Rh8 31. Rc1 Rxh3 1/2-1/2

[Event "Fredericia Chess IM 2025"]
[Site "Fredericia"]
[Date "2025.05.31"]
[Round "7.3"]
[White "Collin, Moritz Valentin"]
[Black "Mattenberger, Matthias"]
[Result "1-0"]
[WhiteElo "2250"]
[BlackElo "2286"]
[EventDate "2025.05.28"]
[EventType "tourn"]
[EventRounds "9"]
[EventCountry "DEN"]
[SourceTitle "Live v. Claus Marcussen - Fredericia"]

1. e4 c5 2. Nf3 a6 3. c3 d5 4. exd5 Qxd5 5. d4 Nf6 6. Be3 cxd4 7. cxd4 e6 8. Nc3 Qd6 9. Bd3 Nc6 10. O-O Be7 11. Rc1 O-O 12. Nd2 Nd5 13. Nc4 Qd8 14. Nxd5 exd5 15. Ne5 Bd7 16. Qb3 Nb4 17. Be2 a5 18. a3 a4 19. Qd1 Na6 20. Bd3 Nc7 21. Qc2 Bd6 22. Bxh7+ Kh8 23. Bd3 Bb5 24. Bxb5 Nxb5 25. f4 Kg8 26. Rf3 f5 27. Rh3 Rc8 28. Qxa4 Rxc1+ 29. Bxc1 Bxe5 30. dxe5 Qb6+ 31. Be3 Qc6 32. Rf3 d4 33. Bxd4 Rd8 34. Qb3+ Kh7 35. Be3 Nc7 36. Rh3+ Kg6 37. Rg3+ Kh7 38. Rh3+ Kg6 39. Rg3+ Kh7 40. h3 Ne6 41. Kh2 Rd5 42. Rf3 Qd7 43. Qc2 g6 44. Rf2 Kg7 45. Rd2 Kf7 46. Rxd5 Qxd5 47. b3 b5 48. Qc3 Qe4 49. Qd2 Kg7 50. Kg3 Kh6 51. Kf2 Qb1 52. Qd5 Qb2+ 53. Kf3 Nf8 54. Qg8 Qxa3 55. Qh8+ Nh7 56. g4 Qe7 57. Kg3 b4 58. Bc5 Qb7 59. Bf8+ 1-0

[Event "Fredericia Chess IM 2025"]
[Site "Fredericia"]
[Date "2025.05.31"]
[Round "7.4"]
[White "Kanov, Nikola Krasimirov"]
[Black "Medhus, Vitus Bondo"]
[Result "1/2-1/2"]
[WhiteElo "2429"]
[BlackElo "2384"]
[EventDate "2025.05.28"]
[EventType "tourn"]
[EventRounds "9"]
[EventCountry "DEN"]
[SourceTitle "Live v. Claus Marcussen - Fredericia"]

1. Nf3 c5 2. g3 Nc6 3. c4 e5 4. Nc3 f5 5. d3 Nf6 6. Bg2 d6 7. a3 Be7 8. Rb1 Rb8 9. O-O b6 10. Nh4 Bb7 11. Nxf5 O-O 12. Bg5 Ne8 13. Nxe7+ Nxe7 14. Qa4 Bxg2 15. Kxg2 h6 16. Bxe7 Qxe7 17. Nd5 Qb7 18. e4 Nc7 19. Nxc7 Qxc7 20. f4 exf4 21. gxf4 d5 22. cxd5 Rxf4 23. Qc2 Rbf8 24. Rxf4 Qxf4 25. Qe2 Qg5+ 26. Kh1 Qe5 27. b3 Qc3 28. Qe3 Kh8 29. Qg3 Rf7 30. Kg1 Qc2 31. Rf1 Rxf1+ 32. Kxf1 Qd1+ 33. Kf2 Qd2+ 34. Kf1 Qd1+ 35. Kf2 Qd2+ 36. Kg1 Qd1+ 37. Kg2 Qe2+ 1/2-1/2

[Event "Fredericia Chess IM 2025"]
[Site "Fredericia"]
[Date "2025.05.31"]
[Round "7.5"]
[White "Bank, Pelle Rodkjaer"]
[Black "Farokhi, Keyvan"]
[Result "0-1"]
[WhiteElo "2275"]
[BlackElo "2344"]
[EventDate "2025.05.28"]
[EventType "tourn"]
[EventRounds "9"]
[EventCountry "DEN"]
[SourceTitle "Live v. Claus Marcussen - Fredericia"]

1. d4 Nf6 2. Bg5 a5 3. Nc3 d5 4. e4 Nxe4 5. Nxe4 dxe4 6. Qd2 h6 7. Bf4 c6 8. f3 Bf5 9. g4 Bh7 10. Bg2 exf3 11. Nxf3 e6 12. O-O Nd7 13. Rad1 Be7 14. c4 O-O 15. Kh1 a4 16. Qe2 Qe8 17. h4 Rc8 18. g5 h5 19. Nd2 Bg6 20. Ne4 Bxe4 21. Bxe4 g6 22. Qc2 b5 23. c5 e5 24. Be3 exd4 25. Bxd4 Bxc5 26. Bxc5 Nxc5 27. Rfe1 Ne6 28. Qg2 Qe7 29. Bxc6 Rfd8 30. Bxb5 Qb4 31. Bd7 Rxd7 0-1

[Event "Fredericia Chess IM 2025"]
[Site "Fredericia"]
[Date "2025.06.01"]
[Round "8.1"]
[White "Falkesgaard, Jeppe Hald"]
[Black "Bank, Pelle Rodkjaer"]
[Result "1-0"]
[WhiteElo "2271"]
[BlackElo "2275"]
[EventDate "2025.05.28"]
[EventType "tourn"]
[EventRounds "9"]
[EventCountry "DEN"]
[SourceTitle "Live v. Claus Marcussen - Fredericia"]

1. c4 d6 2. g3 g6 3. Bg2 Bg7 4. d4 Nf6 5. Nc3 O-O 6. h3 Nc6 7. Nf3 Bf5 8. g4 Bd7 9. O-O a6 10. Bg5 Rb8 11. a4 Na5 12. Qd3 c5 13. d5 Qb6 14. e4 h5 15. Bxf6 Bxf6 16. gxh5 Qb3 17. Nd2 Qxb2 18. Ne2 g5 19. f4 gxf4 20. Rab1 Qe5 21. Rxf4 Kh8 22. Nf3 Qxh5 23. Rxf6 exf6 24. Qc3 Rg8 25. Qxf6+ Rg7 26. Nf4 Qxf3 27. Ng6+ fxg6 28. Bxf3 Nxc4 29. Be2 Nd2 30. Rb2 Nxe4 31. Qh4+ Rh7 32. Qxe4 b5 33. Bg4 Bxg4 34. hxg4 b4 1-0

[Event "Fredericia Chess IM 2025"]
[Site "Fredericia"]
[Date "2025.06.01"]
[Round "8.2"]
[White "Fries Nielsen, Jens Ove"]
[Black "Skytte, Rasmus"]
[Result "1/2-1/2"]
[WhiteElo "2300"]
[BlackElo "2360"]
[EventDate "2025.05.28"]
[EventType "tourn"]
[EventRounds "9"]
[EventCountry "DEN"]
[SourceTitle "Live v. Claus Marcussen - Fredericia"]

1. e4 g6 2. d4 Bg7 3. Nc3 Nc6 4. Be3 d5 5. exd5 Nb4 6. Bb5+ Bd7 7. Bc4 Bf5 8. Bb5+ Bd7 9. Bc4 Bf5 10. Bb5+ Bd7 11. Bc4 Bf5 12. Bb5+ 1/2-1/2

[Event "Fredericia Chess IM 2025"]
[Site "Fredericia"]
[Date "2025.06.01"]
[Round "8.3"]
[White "Mattenberger, Matthias"]
[Black "Hansen, Lars"]
[Result "1/2-1/2"]
[WhiteElo "2286"]
[BlackElo "2218"]
[EventDate "2025.05.28"]
[EventType "tourn"]
[EventRounds "9"]
[EventCountry "DEN"]
[SourceTitle "Live v. Claus Marcussen - Fredericia"]

1. d4 Nf6 2. c4 e6 3. Nf3 b6 4. a3 Bb7 5. Nc3 d5 6. cxd5 Nxd5 7. Qc2 Nxc3 8. bxc3 c5 9. e4 Qc7 10. Bb5+ Bc6 11. Bd3 Nd7 12. O-O Bb7 13. Qe2 Be7 14. Bd2 O-O 15. a4 Rac8 16. e5 Rfd8 17. Ng5 h6 18. Ne4 Qc6 19. Be3 f5 20. exf6 Nxf6 21. Nxf6+ Bxf6 22. Qg4 cxd4 23. cxd4 Qd5 24. Rac1 Kf8 25. Bb5 Qe4 26. Qg3 Bd5 27. Rce1 Qh4 28. Qxh4 Bxh4 29. Ra1 Bf6 30. a5 Bc4 31. Rfb1 1/2-1/2

[Event "Fredericia Chess IM 2025"]
[Site "Fredericia"]
[Date "2025.06.01"]
[Round "8.4"]
[White "Kanov, Nikola Krasimirov"]
[Black "Collin, Moritz Valentin"]
[Result "1/2-1/2"]
[WhiteElo "2429"]
[BlackElo "2250"]
[EventDate "2025.05.28"]
[EventType "tourn"]
[EventRounds "9"]
[EventCountry "DEN"]
[SourceTitle "Live v. Claus Marcussen - Fredericia"]

1. e4 c5 2. Nf3 e6 3. d4 cxd4 4. Nxd4 Nc6 5. Nc3 Qc7 6. Be2 a6 7. Nxc6 bxc6 8. Qd3 d5 9. Qg3 Qxg3 10. hxg3 Nf6 11. g4 Nxe4 12. Nxe4 dxe4 13. Be3 Be7 14. O-O-O c5 15. g5 Bb7 16. Rh3 Rd8 17. Rdh1 Rd5 18. f4 exf3 19. Bxf3 Rd7 20. Bxb7 Rxb7 21. Rxh7 Rg8 22. R7h4 Rb4 23. c3 Rxh4 24. Rxh4 Kd7 25. Kc2 Kc6 26. Kd3 Rd8+ 27. Kc4 Rd5 28. Rg4 g6 29. a4 Re5 30. Kd3 Rd5+ 31. Kc4 Re5 32. Kd3 Rd5+ 1/2-1/2

[Event "Fredericia Chess IM 2025"]
[Site "Fredericia"]
[Date "2025.06.01"]
[Round "8.5"]
[White "Medhus, Vitus Bondo"]
[Black "Farokhi, Keyvan"]
[Result "1/2-1/2"]
[WhiteElo "2384"]
[BlackElo "2344"]
[EventDate "2025.05.28"]
[EventType "tourn"]
[EventRounds "9"]
[EventCountry "DEN"]
[SourceTitle "Live v. Claus Marcussen - Fredericia"]

1. e4 e5 2. Nf3 Nc6 3. Bb5 a6 4. Ba4 Nge7 5. c3 f6 6. d4 d5 7. dxe5 dxe4 8. Nd4 b5 9. exf6 Nxd4 10. fxe7 Bxe7 11. cxd4 bxa4 12. Qxa4+ Bd7 13. Qc2 Bb5 14. Nc3 Bd3 15. Qa4+ Qd7 16. Qxd7+ Kxd7 17. Be3 Rab8 18. O-O-O Bb4 19. Nd5 Be2 20. Nxb4 Rxb4 21. Rde1 Bd3 22. Bd2 Rxd4 23. Bc3 Rd5 24. Re3 Rf8 25. f3 exf3 26. gxf3 Rf7 27. Be5 Bf5 28. f4 Kc8 29. Rd1 Rxd1+ 30. Kxd1 1/2-1/2

[Event "Fredericia Chess IM 2025"]
[Site "Fredericia"]
[Date "2025.06.01"]
[Round "9.1"]
[White "Farokhi, Keyvan"]
[Black "Falkesgaard, Jeppe Hald"]
[Result "1/2-1/2"]
[WhiteElo "2344"]
[BlackElo "2271"]
[EventDate "2025.05.28"]
[EventType "tourn"]
[EventRounds "9"]
[EventCountry "DEN"]
[SourceTitle "Live v. Claus Marcussen - Fredericia"]

1. Nf3 d5 2. g3 g6 3. Bg2 Bg7 4. d4 Nf6 5. O-O c6 6. c4 dxc4 7. a4 O-O 8. Na3 Nbd7 9. Nxc4 Nb6 10. Nce5 a5 11. Re1 Bf5 12. Ng5 Ng4 13. Nxg4 Bxg4 14. h3 h6 15. hxg4 hxg5 16. Qb3 Qc7 17. Bxg5 Bxd4 18. e3 Bg7 19. Bxe7 Qxe7 20. Qxb6 Qb4 21. Qxb4 axb4 22. Ra2 Rfd8 23. b3 Rd3 24. Rb1 Rad8 25. Bf1 Rd1 26. Rxd1 Rxd1 27. Kg2 Bc3 28. Rc2 g5 29. Be2 Rd2 30. Rxd2 Bxd2 31. Bc4 1/2-1/2

[Event "Fredericia Chess IM 2025"]
[Site "Fredericia"]
[Date "2025.06.01"]
[Round "9.2"]
[White "Bank, Pelle Rodkjaer"]
[Black "Fries Nielsen, Jens Ove"]
[Result "1/2-1/2"]
[WhiteElo "2275"]
[BlackElo "2300"]
[EventDate "2025.05.28"]
[EventType "tourn"]
[EventRounds "9"]
[EventCountry "DEN"]
[SourceTitle "Live v. Claus Marcussen - Fredericia"]

1. e4 a5 2. d4 c6 3. f4 d5 4. e5 Bf5 5. Bd3 e6 6. Nf3 Na6 7. O-O Nc7 8. c4 Nh6 9. Nc3 Be7 10. c5 O-O 11. Na4 Be4 12. Nb6 Ra7 13. Qc2 Na6 14. Bxe4 dxe4 15. Qxe4 Nxc5 16. dxc5 Bxc5+ 17. Kh1 Bxb6 18. Ng5 Nf5 19. g4 h6 20. Nf3 Ne7 21. Be3 Qd5 22. Qxd5 Nxd5 23. Bxb6 Nxb6 24. f5 Raa8 25. h4 Nd5 26. Rae1 Rae8 27. Rg1 Kh7 28. h5 Re7 29. Re4 Rfe8 30. Rge1 c5 31. a4 b6 32. Rb1 1/2-1/2

[Event "Fredericia Chess IM 2025"]
[Site "Fredericia"]
[Date "2025.06.01"]
[Round "9.3"]
[White "Skytte, Rasmus"]
[Black "Mattenberger, Matthias"]
[Result "1/2-1/2"]
[WhiteElo "2360"]
[BlackElo "2286"]
[EventDate "2025.05.28"]
[EventType "tourn"]
[EventRounds "9"]
[EventCountry "DEN"]
[SourceTitle "Live v. Claus Marcussen - Fredericia"]

1. d4 Nf6 2. Nf3 g6 3. c4 Bg7 4. g3 d5 5. cxd5 Nxd5 6. Bg2 Nb6 7. O-O Nc6 8. e3 O-O 9. Nc3 Re8 10. h3 a5 11. d5 Nb4 12. e4 e6 13. a3 Na6 14. Bg5 Qd7 15. Rc1 Nc5 16. b4 axb4 17. axb4 Nca4 18. dxe6 fxe6 19. Nxa4 Rxa4 20. Qb3 Qd6 21. Rfd1 Qxb4 22. Qxb4 Rxb4 23. Rxc7 Rc4 24. Re7 Rf8 25. Rd6 Na4 26. e5 Rc2 27. Bf4 Nc3 28. Nd4 Ne2+ 29. Nxe2 Rxe2 30. Bxb7 g5 31. Be3 Bxe5 32. Bxc8 Bxd6 33. Bxe6+ Kh8 34. Bd4+ Be5 35. Bg4 1/2-1/2

[Event "Fredericia Chess IM 2025"]
[Site "Fredericia"]
[Date "2025.06.01"]
[Round "9.4"]
[White "Hansen, Lars"]
[Black "Kanov, Nikola Krasimirov"]
[Result "0-1"]
[WhiteElo "2218"]
[BlackElo "2429"]
[EventDate "2025.05.28"]
[EventType "tourn"]
[EventRounds "9"]
[EventCountry "DEN"]
[SourceTitle "Live v. Claus Marcussen - Fredericia"]

1. Nf3 g6 2. d4 Bg7 3. c3 Nf6 4. Bg5 h6 5. Bh4 d6 6. Nbd2 Nbd7 7. e3 O-O 8. Bd3 a5 9. O-O Qe8 10. Re1 e5 11. Qc2 Kh8 12. Rad1 Nh5 13. e4 Nf4 14. Bf1 Nb6 15. Qb3 Be6 16. Qa3 Rg8 17. c4 exd4 18. c5 dxc5 19. Qxc5 g5 20. Bg3 Na4 21. Qxc7 Nxb2 22. Rb1 Nfd3 23. Rxb2 Nxb2 24. Qxb7 d3 25. Ne5 Na4 26. Nxd3 Qc8 27. Qb1 Nc3 28. Qb6 Rd8 29. Nf3 Qa6 30. Qe3 Qa7 31. Qc1 Nxa2 32. Qa3 Rac8 33. Be5 Bxe5 34. Ndxe5 Rc2 35. Re3 Qc5 36. Qa4 Rc1 37. Ra3 Nc3 38. Rxc3 Qxc3 39. h3 Qb4 0-1

[Event "Fredericia Chess IM 2025"]
[Site "Fredericia"]
[Date "2025.06.01"]
[Round "9.5"]
[White "Collin, Moritz Valentin"]
[Black "Medhus, Vitus Bondo"]
[Result "1-0"]
[WhiteElo "2250"]
[BlackElo "2384"]
[EventDate "2025.05.28"]
[EventType "tourn"]
[EventRounds "9"]
[EventCountry "DEN"]
[SourceTitle "Live v. Claus Marcussen - Fredericia"]

1. d4 d5 2. c4 e6 3. Nc3 Nf6 4. cxd5 exd5 5. Bg5 Be7 6. e3 O-O 7. Bd3 Re8 8. Qc2 h6 9. Bh4 c6 10. Nge2 a5 11. O-O Na6 12. a3 Nc7 13. h3 b5 14. Nb1 Bd7 15. Nd2 Rc8 16. Bg3 Na8 17. a4 bxa4 18. Ba6 Nb6 19. Bxc8 Qxc8 20. Rfc1 Bb4 21. Nc3 Bxh3 22. gxh3 Qxh3 23. Nf1 h5 24. Ne2 g5 25. Be5 Qg4+ 26. Neg3 h4 27. Bxf6 hxg3 28. Nxg3 Re6 29. Be5 Nc4 30. Qe2 Qxe2 31. Nxe2 Nxb2 32. Nc3 a3 33. Nb1 Nc4 34. Rxc4 dxc4 35. Nxa3 c3 36. Nc4 f6 37. Bc7 Re7 38. Bb6 Rb7 39. Kf1 Kf7 40. Ke2 Ke6 41. Kd3 Kf5 42. Bxa5 Be7 43. Bxc3 Kg4 44. Nd2 Kh3 45. Ke2 g4 46. Rh1+ Kg2 47. Rh7 Ra7 48. e4 Ra3 49. Rxe7 Rxc3 50. Rf7 c5 51. d5 c4 52. d6 f5 53. Rxf5 g3 54. Rg5 Rc2 55. Rxg3+ Kh2 56. Kd1 Ra2 57. Nf3+ 1-0